Logística integral: la gestión operativa de la empresa

Gorde:
Xehetasun bibliografikoak
Egile nagusia: Anaya Tejero, Julio Juan (Egilea)
Formatua: Liburua
Hizkuntza:gaztelania
Argitaratua: Madrid ESIC 2011
Edizioa:4a. ed
Gaiak:
Etiketak: Etiketa erantsi
Etiketarik gabe, Izan zaitez lehena erregistro honi etiketa jartzen!

MARC

LEADER 00000cam a2200000 a 4500
001 UCC6556
003 CL-VaPUC
008 181213e20110000sp |||||||||||||||||spa|d
020 |a 9788473567701 
082 0 4 |a 658.4  |b ANA  |2 21 
100 0 |a Anaya Tejero, Julio Juan  |e author  |9 601038 
245 1 0 |a Logística integral: la gestión operativa de la empresa 
250 |a 4a. ed 
300 |a 248 p 
942 |c BK 
945 |d 20181213 14:55:00  |a dcastane 
260 |a Madrid  |b ESIC  |c 2011 
650 0 |a Administración de empresas   |9 260833 
650 7 |a LOGISTICA  |2 CL-VaPUC  |9 485423 
583 |a last modification  |c 20181213 14:55:00  |k Rodrigo Vera 
999 |c 373496  |d 373494 
952 |0 0  |1 0  |3 erb  |4 0  |6 658_400000000000000_ANA_2011  |7 0  |8 A  |9 491615  |a BIBING  |b BIBING  |i 5523451  |o 658.4 ANA 2011  |p 5523451  |r 2025-01-20  |w 2019-11-24  |y BK  |z Catalogado en:20181213  |k TRA